000 00905nam a2200289Ia 4500
003 GCL
008 140319s9999 xx 000 0 ara d
040 _aGCL /
_cGCL
082 0 4 _a805
_bد هـ
100 1 _aدار الهلال
245 1 0 _aالهلال - سبتمبر 1966 /
_cدار الهلال
300 _a178 ص
490 _aالهيئة العامة للاستعلامات
_v0
650 0 4 _aالقصص القصيرة
650 0 4 _aالقصص التاريخية
650 0 4 _aالمرأة
650 0 4 _aالوجودية
650 0 4 _aاحمد شوقى
650 0 4 _aالفن الحديث
650 0 4 _aالدوريات
650 0 4 _aالمسرح العالمى
650 0 4 _aالتعليم - مصر
650 0 4 _aالعراق - تاريخ -العصر الحديث
650 0 4 _aابوالريحان البيرونى
650 0 4 _aالشعر البربر
942 _2ddc
_cBK
999 _c51606
_d51606